banner

Vigencia de Jean Piaget / (Registro nro. 1882)

000 -LEADER
fixed length control field 01119nam a2200265 a 4500
003 - CONTROL NUMBER IDENTIFIER
control field AR-BaISA
005 - DATE AND TIME OF LATEST TRANSACTION
control field 20251112113736.0
007 - PHYSICAL DESCRIPTION FIXED FIELD--GENERAL INFORMATION
fixed length control field ta
008 - FIXED-LENGTH DATA ELEMENTS--GENERAL INFORMATION
fixed length control field 251112s1999 mx ||||f |||| 000 0 spa d
020 ## - INTERNATIONAL STANDARD BOOK NUMBER
International Standard Book Number 9682321859
040 ## - CATALOGING SOURCE
Language of cataloging spa
Transcribing agency AR-BaISA
082 02 - DEWEY DECIMAL CLASSIFICATION NUMBER
Edition number 22
Classification number 370.15 F41
100 ## - MAIN ENTRY--PERSONAL NAME
9 (RLIN) 3858
Personal name Ferreiro, Emilia
Relator term aut.
245 10 - TITLE STATEMENT
Title Vigencia de Jean Piaget /
Statement of responsibility, etc. Emilia Ferreiro
260 ## - PUBLICATION, DISTRIBUTION, ETC.
Place of publication, distribution, etc. Buenos Aires:
Name of publisher, distributor, etc. Siglo XXI,
Date of publication, distribution, etc. 1999
300 ## - PHYSICAL DESCRIPTION
Extent 134 p.
490 ## - SERIES STATEMENT
Serie Educación (Siglo XXI)
504 ## - BIBLIOGRAPHY, ETC. NOTE
Bibliography, etc. note Bibliografía p.: 131-134
505 ## - FORMATTED CONTENTS NOTE
Title La adquisición de los objetos culturales: el caso particular de la lengua escrita --
-- El niño según Piaget: un interlocutor intelectual del adulto --
-- Aplicar, replicar, recrear --
-- Escritura y conocimiento --
-- Dicotomía oralidad / escritura en la psicolingüística contemporánea --
-- El constructivismo en perspectiva --
-- Psicogénesis y educación --
-- Jean Piaget: el hombre y su obra
600 14 - SUBJECT ADDED ENTRY--PERSONAL NAME
9 (RLIN) 2592
Personal name Piaget, Jean
650 14 - SUBJECT ADDED ENTRY--TOPICAL TERM
9 (RLIN) 898
Topical term or geographic name entry element Teoría de la educación
650 14 - SUBJECT ADDED ENTRY--TOPICAL TERM
9 (RLIN) 69
Topical term or geographic name entry element Aprendizaje
830 ## - SERIES ADDED ENTRY--UNIFORM TITLE
9 (RLIN) 3862
Uniform title Educación (Siglo XXI)
942 ## - ADDED ENTRY ELEMENTS (KOHA)
Source of classification or shelving scheme
Koha item type Libros
Edition 22
Existencias
Withdrawn status Lost status Source of classification or shelving scheme Damaged status Not for loan Permanent Location Current Location Date acquired Inventory number Full call number Barcode Date last seen Price effective from Koha item type
          Biblioteca ISALUD. Dr. Néstor Rodríguez Campoamor Biblioteca ISALUD. Dr. Néstor Rodríguez Campoamor 2025-11-12 5480 370.15 F41 5480 2025-11-12 2025-11-12 Libros